000 00846nam a2200289Ia 4500
005 20260324115551.0
008 008 260324s9999 xx 000 0 eng d
020 _a9781315311739
037 _aEBOOK
040 _aCRL
040 _beng
040 _cCRL
041 _2eng
041 _aeng
084 _qCRL
100 _aWilliam J Rothwell; Jong Gyu Park; Jae Young Lee; Marie L. Saul; Patricia Macko; Jamie Campbell; Azadeh Omrani-Kermani; Michele C. Welliver; Zakiya Alsadah; Aileen Zaballero
_91155167
245 0 _aMarketing Organization Development
245 2 _bA How-To Guide for OD Consultants
260 _bTaylor and Francis
260 _c2017
365 _a
365 _b230
856 _uhttp://www.taylorfrancis.com/books/9781315311739
942 _cEBOOK
999 _c1746131
_d1746131